=LDR 00000nam 2200000 4500 =001 INLIS000000000019379 =005 20130612114439 =008 ***********************************Ind** =035 ##$$0010-061300000019379 =041 ##$$a Ind =082 ##$$a 300 =090 ##$$a 300, Ahm i =100 ##$$a Ahmadi, H. Abu =245 ##$$a Ilmu sosial dasar, Drs. H. Abu Ahmadi =260 ##$$a 2003 $b Jakarta =300 ##$$a xi, 361 hlm, 21 cm =650 ##$$a Ilmu sosial =850 ##$$a NBPNMAT